|
|
|
|
| LEADER |
00000nam a22000007a 4500 |
| 005 |
20220823005717.0 |
| 007 |
cr|||| |||| |
| 008 |
220823s2021 pe |||||s|||| 00||0 spa d |
| 020 |
|
|
|a 9786123252083
|
| 035 |
|
|
|a 36935
|
| 040 |
|
|
|a vLex
|
| 090 |
|
|
|c 13789
|d 13789
|
| 100 |
1 |
|
|a Landa Arroyo, César
|
| 245 |
1 |
0 |
|a Derechos a la dignidad, libre desarrollo de la personalidad e identidad personal
|h [Recurso electrn̤ico] /
|c César Landa Arroyo
|
| 256 |
|
|
|a Servicio en ln̕ea
|
| 260 |
|
|
|a Lima:
|b Palestra Editores,
|c 2021
|
| 300 |
|
|
|a 1 recurso electrn̤ico
|
| 500 |
|
|
|a La dignidad de la persona humana, el libre desarrollo de la personalidad y el derecho a la identidad personal constituyen el nc︢leo de los derechos fundamentales, en la medida que la dignidad de la persona humana se encuentra estrechamente vinculada al libre desarrollo de la persona humana y al derecho a identidad personal. En ese entendido estos derechos han venido ganando un espacio para reforzar a la persona humana como el fin supremo de la sociedad y del Estado; pero tambiň lo dinamiza, porque, aseguran a todas las personas no solo el goce sino tambiň el ejercicio de los dems̀ derechos fundamentales.
|
| 506 |
1 |
|
|a Disponible solo en los productos indicados
|d vLex Global
|d vLex Global (Academic Edition, excluding Law Schools)
|d vLex Global (U.S. Academic Edition, Law Schools)
|d vLex Global (U.S. Academic Edition, excluding Law Schools)
|d vLex Global (Academic Edition, Law Schools)
|
| 650 |
0 |
4 |
|a Derecho Constitucional
|z Per︢
|
| 740 |
0 |
|
|a vLex Libros (Servicio en ln̕ea)
|
| 856 |
4 |
0 |
|u https://app.vlex.com/#/sources/36935
|z Acceso restringido
|
| 942 |
|
|
|c BOOK
|
| 999 |
0 |
|
|a Constitutional right
|